Fußball Weltmeister und Gastgeber - Statistiken

Allgemein
  • Dieses Quiz wurde 237 mal gespielt
  • Das Durchschnittsergebnis liegt bei 16 aus 22
Antwortstatistiken
Jahr Austragungsort Weltmeister % Korrekt
1930 Uruguay Uruguay
93%
2014 Brasilien Deutschland
91%
2018 Russland Frankreich
91%
2022 Katar Argentinien
90%
2010 Südafrika Spanien
90%
2006 Deutschland Italien
89%
1934 Italien Italien
85%
1998 Frankreich Frankreich
80%
2002 Japan & Südkorea Brasilien
79%
1954 Schweiz Deutschland
78%
1966 England England
75%
1974 Deutschland Deutschland
73%
1990 Italien Deutschland
72%
1994 USA Brasilien
70%
1978 Argentinien Argentinien
65%
1950 Brasilien Uruguay
65%
1982 Spanien Italien
64%
1958 Schweden Brasilien
58%
1986 Mexiko Argentinien
57%
1938 Frankreich Italien
54%
1970 Mexiko Brasilien
53%
1962 Chile Brasilien
46%
Keine übereinstimmenden Quizze gefunden
Verteilung der Resultate
Anzahl Personen mit jedem Resultat
Perzentil nach korrekt beantworteten Fragen
Ihre Resultats-Entwicklung
Sie haben dieses Quiz noch nicht gespielt